000 00249nam a2200097Ia 4500
001 722141
005 20250826163306.0
008 250824s9999 xx 000 0 und d
245 0 _aKÖR KALBE AŞK DOKUNMAZ
_cAYŞE ÜNÜVAR
260 _bKARATAY YAYINLARI
999 _c722141
_d722141